00271nam a2200109Ia 4500008004100000245004600041260002200087440000600109521002200115942000700137999001700144140130s9999 xx 000 0 und d cTony AbbottaHawk Bandits Of Tarkoom, The bScholastic,c2001 v1 aGrade 1 - Grade 2 cBK c40299d40299